000 00463nam a2200193 a 4500
005 20240815063737.0
008 991125s1991 mx 000 0 spa u
020 _a8427009453
035 _aUPN01000033541
049 _aCG
050 4 _aGV1480
_bV53
100 1 _aVives, P.
245 1 0 _aJuegos de ingenio /
_cP. Vives.
260 _aMéxico :
_bRoca,
_c1991.
300 _a184 p.
440 0 _aFontana práctica
650 4 _aJuego
_913796
905 _aLibro
999 _c33541
_d33541